Multilateralizmom k multipolarite: prípad Číny

Čínska snaha o presadenie multipolárneho sveta prostredníctvom multilaterálnej diplomacie. Čínske predstavy budovania multipolarity od studenej vojny po súčasnosť. Dôvody, ktoré viedli k rozvoju multilaterálnej diplomacie Číny. Rozvoj čínskeho multilateralizmu v praxi, na príkladoch niekoľkých multi...

Full description

Saved in:
Bibliographic Details
Main Author: Ondriaš, Juraj, 1988-
Format: Book Chapter
Language:Slovak
Subjects:
Tags: Add Tag
No Tags, Be the first to tag this record!

MARC

LEADER 00000nla a2200000 4500
001 0226100
005 20240502073719.6
041 0 |a slo 
044 |a SK 
245 1 0 |a Multilateralizmom k multipolarite: prípad Číny  |c Juraj Ondriaš 
520 |a Čínska snaha o presadenie multipolárneho sveta prostredníctvom multilaterálnej diplomacie. Čínske predstavy budovania multipolarity od studenej vojny po súčasnosť. Dôvody, ktoré viedli k rozvoju multilaterálnej diplomacie Číny. Rozvoj čínskeho multilateralizmu v praxi, na príkladoch niekoľkých multilaterálnych inštitúcií. 
610 2 0 |a Čína 
610 2 0 |a diplomacia 
610 2 0 |a multikulturalizmus 
610 2 0 |a multilateralita 
610 2 0 |a spolupráca hospodárska medzinárodná 
100 1 |a Ondriaš, Juraj, 1988-